|
|
|
|
| LEADER |
03963nam a22003973i 4500 |
| 001 |
EBC6734065 |
| 003 |
MiAaPQ |
| 005 |
20231204023218.0 |
| 006 |
m o d | |
| 007 |
cr cnu|||||||| |
| 008 |
231204s2021 xx o ||||0 fre d |
| 020 |
|
|
|a 9782759232758
|q (electronic bk.)
|
| 035 |
|
|
|a (MiAaPQ)EBC6734065
|
| 035 |
|
|
|a (Au-PeEL)EBL6734065
|
| 035 |
|
|
|a (OCoLC)1276861603
|
| 040 |
|
|
|a MiAaPQ
|b eng
|e rda
|e pn
|c MiAaPQ
|d MiAaPQ
|
| 100 |
1 |
|
|a Gardel, Antoine.
|
| 245 |
1 |
0 |
|a Oyapock et Maroni :
|b Portraits d'estuaires Amazoniens.
|
| 264 |
|
1 |
|a Versailles :
|b Quae,
|c 2021.
|
| 264 |
|
4 |
|c ©2023.
|
| 300 |
|
|
|a 1 online resource (147 pages)
|
| 336 |
|
|
|a text
|b txt
|2 rdacontent
|
| 337 |
|
|
|a computer
|b c
|2 rdamedia
|
| 338 |
|
|
|a online resource
|b cr
|2 rdacarrier
|
| 490 |
1 |
|
|a Beaux Livres Series
|
| 505 |
0 |
|
|a Intro -- Sommaire -- Remerciements -- Avant-propos -- Préface -- Les multiples visages des estuaires guyanais -- Les estuaires et le littoral de Guyane, sous influence de l'Amazone -- Un littoral unique au monde -- Les estuaires, entre mer et fleuve -- Le littoral des Guyanes, une danse du sable et de la vase -- L'influence de l'Amazone ressentie jusque dans les estuaires guyanais -- Nouvelle exploration du Maroni -- Les estuaires au crible de la modélisation numérique -- Des satellites pour observer la côte -- La mangrove, l'incontournable du littoral guyanais -- Les mangroves pour prédire les changements côtiers -- À l'embouchure du fleuve Oyapock, une mangrove unique -- Carbone en stock sur l'Oyapock -- Les clés de la survie des poissons en mangrove -- La mangrove, une nurserie idéale pour les poissons -- Vivre les estuaires et le littoral -- Pêches traditionnelles et territoires estuariens -- Vivre de la pêche côtière -- Poissons limons, poissons d'estuaires -- Ressources marines pour une filière artisanale -- La pêcherie crevettière au défi du réchauffement climatique -- Des mangroves et des crevettes -- Quand la mer dévore le littoral -- Un littoral sous surveillance -- Un regard conjoint des scientifiques et des gestionnaires sur la côte -- Les estuaires, lieux de rencontres et d'échanges -- Saint-Laurent-du-Maroni sous pression démographique -- Saint-Laurent-du-Maroni : comment l'informalité produit la ville -- Saint-Laurent-du-Maroni : 4 quartiers, 4 modes de cultures -- L'activité agricole dans le secteur de Saint-Laurent-du-Maroni -- Estuaires, d'une rive à l'autre -- L'agriculture, une porte d'entrée des migrants en Guyane -- L'informalité à Saint-Laurent-du-Maroni, un facteur de développement alternatif -- Développement et mobilité, entre formalité et informalité -- Être mobile, une nécessité pour les jeunes.
|
| 505 |
8 |
|
|a Sur le Maroni, les Kali'na entre deux rives -- L'estuaire transfrontalier de l'Oyapock -- Faire frontière sur le bas-Oyapock -- Les impacts du pont et des routes sur le bas-Oyapock -- Un pont rêvé sur l'Oyapock -- Habiter entre Villa Vitória et Saint-Georges-de-l'Oyapock -- L'estuaire de l'Oyapock, théâtre de coopération et de tensions régionales -- Des espaces de transit et de trafic -- Oyapock et Maroni, deux estuaires similaires aux contextes différents -- Glossaire -- Un livre, des auteurs -- Pour aller plus loin -- Crédits photographiques.
|
| 588 |
|
|
|a Description based on publisher supplied metadata and other sources.
|
| 590 |
|
|
|a Electronic reproduction. Ann Arbor, Michigan : ProQuest Ebook Central, 2023. Available via World Wide Web. Access may be limited to ProQuest Ebook Central affiliated libraries.
|
| 655 |
|
4 |
|a Electronic books.
|
| 700 |
1 |
|
|a Davy, Damien.
|
| 700 |
1 |
|
|a Théry, Hervé.
|
| 776 |
0 |
8 |
|i Print version:
|a Gardel, Antoine
|t Oyapock et Maroni
|d Versailles : Quae,c2021
|
| 797 |
2 |
|
|a ProQuest (Firm)
|
| 830 |
|
0 |
|a Beaux Livres Series
|
| 856 |
4 |
0 |
|u https://ebookcentral.proquest.com/lib/matrademy/detail.action?docID=6734065
|z Click to View
|